Sarıkamış destanı (Record no. 3568)

MARC details
000 -BAŞLIK
Sabit Uzunlukta Kontrol Alanı 00680na a2200205 4500
001 - KONTROL NUMARASI
Denetim Alanı 17221
003 - KONTROL NUMARASI IDENTIFIER
Denetim Alanı MIRAKIL
005 - SON İŞLEM TARİHİ VE ZAMANI
Denetim Alanı 20181213154936.0
008 - SABİT-BOY VERİ ELEMANLARI - GENEL BİLGİLER
Sabit Uzunlukta Kontrol Alanı 161023b tu 000 0
040 ## - KATALOGLAMA KAYNAK
Orijinal Kataloglama Ajansı Milas
Kataloglama Dili tur
Metne Dönüştürmek Ajansı TR-AnCHP
041 ## - DİL KODU
Metin / Ses Parça Veya Ayrı Başlığın Dil Kodu tur
082 ## - DEWEY ONLU SINIFLANDIRMA NUMARASI
Sınıflandırma Numarası 956.6325
Ürün Numarası S26 [t.y.]
090 ## - SINIFLAMA NUMARASI
Sınıflama Numarası 956.6325 S26 [t.y.]
245 ## - BAŞLIK TABLOSU
Başlık Sarıkamış destanı
Başlığın Kalan 1914-1915 Osmanlı-Rus harbinde Sarıkamış dağlarında çoğu donarak şehit düşen on binlerce askerimizin hüzünlü hikayesi
Sorumluluk Tablosu, Vb Sanat yönetmeni Recep Ergül
260 ## - YAYIN, DAĞITIM, VB
Yayın, Dağıtım, Vb Yeri İstanbul
Yayıncı, Dağıtıcı, Vs Adı [yay.y.]
Yayın, Dağıtım, Vb Tarihi [t.y.]
300 ## - FİZİKSEL TANIM
Kapsam 32 s.
Boyutlar 21 sm.
650 ## - KONU KATMA GİRİŞ - TOPİKAL DÖNEM
Topikal Süreli Veya Coğrafi Ad Giriş Elemanı Sarıkamış
Genel Alt Bölümü Anma kitapları
700 ## - KATMA GİRİŞ - KİŞİSEL İSİM
Kişisel Ad Ergül, Recep
942 ## - EKLENDİ GİRİŞ ELEMANLARI (KOHA)
Sınıflandırma Veya Raf Düzeni Kaynak Dewey Decimal Classification
Koha Öğesi Türü Books
999 ## - SİSTEM KONTROL NUMARALARI (KOHA)
Koha Biblionumber 3568
Koha Biblioitemnumber 3568
Holdings
Kalıcı Konum Mevcut Konum Edinme Tarihi Edinim Kaynak Toplam Check-Out'Lar Tam Çağrı Numarası Barkod Tarih Son Görülme İtibaren Geçerli Fiyatlar Koha Öğesi Türü
CHP Kütüphanesi CHP Kütüphanesi 10/23/2016 Bağış   956.6325 S26 [t.y.] 007584 10/23/2016 10/23/2016 Books